| 000 | 00732nam a2200241 a 4500 | ||
|---|---|---|---|
| 001 | BRCA_7878 | ||
| 005 | 20190320210033.0 | ||
| 008 | 191113s1964----it-a######---#000-0#ita-# | ||
| 041 | _aita | ||
| 044 | _ait | ||
| 050 | 4 |
_aNK7352 _b.G56 1964 |
|
| 245 | 1 | 0 |
_aLa Gioielleria, l´oreficeria e l´argenteria in Italia _cintrod. Giorgio Kaisserlian. |
| 260 |
_aRoma _bA. Palombi _c1964 |
||
| 300 |
_a206 p. _bil. (algunas a color), láminas _c23 cm. |
||
| 500 | _aY151 | ||
| 546 | _aTexto en : italiano, inglés, alemán y francés | ||
| 650 | 1 | 4 |
_aJoyería _zItalia _919485 |
| 650 | 1 | 4 |
_aOrfebrería _zItalia _919486 |
| 650 | 1 | 4 |
_aPlatería _zItalia _919487 |
| 700 | 1 |
_aKaisserlian, Giorgio _919488 |
|
| 902 | _aGFM | ||
| 942 |
_2lcc _cB |
||
| 999 |
_c7552 _d7552 |
||